Využitie leasingu pri financovaní nákupu majetku v podniku : Diplomová práca

Gespeichert in:
Bibliographische Detailangaben
1. Verfasser: Davidovič, Ivan (Verfasst von)
Weitere Verfasser: Červeňan, Štefan (xxx)
Format: Manuskript Buch
Sprache:Slowakisch
Veröffentlicht: Trnava : STU v Bratislave MtF KMK, 1997
Schlagworte:
Tags: Tag hinzufügen
Keine Tags, Fügen Sie das erste Tag hinzu!

MARC

LEADER 00000ntm a22000003a 4500
001 stu56662
005 20160719155153.9
008 010207s1997----xo------------------slo-d
040 |a STU  |b slo 
041 0 |a slo 
044 |a xo 
100 1 |a Davidovič, Ivan  |4 aut 
245 1 |a Využitie leasingu pri financovaní nákupu majetku v podniku :  |b Diplomová práca 
260 |a Trnava :  |b STU v Bratislave MtF KMK,  |c 1997 
300 |a 80 s  |c výťah 
650 7 |a Leasing-majetok investičný-nákup  |2 stusub 
650 7 |a manažment priemyselných podnikov  |2 stusub 
700 1 |a Červeňan, Štefan  |4 xxx  |u M190  |U MTF Materiálovotechnologická fakulta  |T MTF Katedra priemyselného inžinierstva a manažmentu  |U M190  |Y 167 
996 |b 284M023833  |c M*DP-784  |l MMSKP  |s P  |a 0  |w stu56662_0001